[Event "Gachantiva op 9th"]
[Site "Gachantiva"]
[Date "2019.06.23"]
[Round "5"]
[White "Castillo Barajas, Juan Alberto"]
[Black "Castillo Barajas, Jonhatan"]
[Result "0-1"]
[WhiteElo "1436"]
[BlackElo "1820"]
[PlyCount "114"]
[EventDate "2019.06.21"]
[EventType "swiss"]
[EventRounds "7"]
[EventCountry "COL"]
[SourceTitle "CBM 191 Extra"]
[Source "ChessBase"]
[SourceDate "2019.09.30"]
[SourceVersion "1"]
[SourceVersionDate "2019.09.30"]
[SourceQuality "1"]

1. e4 c5 2. Nf3 d6 3. d3 Nf6 4. Be3 g6 5. h3 Bg7 6. c4 0-0 7. Be2 Nc6 8. a3 a6 9. 0-0 Nd7 10. Qc2 Rb8 11. Nc3 Nd4 12. Bxd4 cxd4 13. Nd1 b6 14. Nh2 e5 15. f4 exf4 16. Rxf4 Be5 17. Rf3 Qh4 18. Nf2 h5 19. Rf1 Qg5 20. Qc1 Qxc1 21. Rxc1 b5 22. b4 Nb6 23. c5 dxc5 24. Rxc5 Re8 25. Bd1 Nd7 26. Rc1 Kg7 27. Bb3 Nf6 28. g4 Be6 29. Bxe6 Rxe6 30. g5 Nd7 31. h4 Rbb6 32. Nh3 Bxh2+ 33. Kxh2 Ne5 34. Rg3 Rec6 35. Rc5 Rxc5 36. bxc5 Rc6 37. Nf4 Rxc5 38. Nd5 Rc2+ 39. Rg2 Rxg2+ 40. Kxg2 Nxd3 41. Nb4 Nc5 42. e5 Nd7 43. Nd3 Nb6 44. Kf3 Nc4 45. Ke4 Nxa3 46. Kxd4 Nc2+ 47. Kc3 Ne3 48. Nf4 a5 49. Kd3 Nf5 50. e6 fxe6 51. Nxe6+ Kf7 52. Nd8+ Ke8 53. Nc6 Nxh4 54. Nxa5 Nf3 55. Nb7 Kd7 56. Nc5+ Kd6 57. Ne4+ Ke5 0-1